| 000 | 01054nam a22001937a 4500 | ||
|---|---|---|---|
| 008 | 100623s1968 xxu|||||r|||| 00| 0 ara d | ||
| 082 |
_a338.162 _bر ي ف |
||
| 100 |
_915128 _aريفلين، هيلين آن |
||
| 245 |
_aالاقتصاد والإدارة في مصر : _bفي مستهل القرن التاسع عشر / _cهيلين آن ريفلين ؛ ترجمة أحمد عبد الرحيم مصطفى ، مصطفى الحسينى |
||
| 260 |
_aالقاهرة : _bدار المعارف ، 1968 _c1968 |
||
| 300 |
_aص ؛ 438 _b24 سم |
||
| 490 |
_915119 _aمكتبة التاريخ العربي الحديث |
||
| 650 |
_915139 _aالزراعة _xاقتصاديات _zمصر |
||
| 650 |
_915147 _aنظام الإدارة _zمصر |
||
| 700 |
_915168 _aأحمد عبد الرحيم مصطفى _eترجمة |
||
| 700 |
_915169 _aمصطفى الحسينى _eترجمة |
||
| 942 |
_2ddc _cBB |
||
| 999 |
_c14198 _d14198 |
||